Artistes belges avec les vidéos les plus vues sur Youtube - Statistiques

Statistiques générales
  • Ce quiz a été pris 194 fois
    26 depuis la dernière actualisation
  • Le résultat moyen est 8 sur 30
Statistiques - réponses
Nombre de vues Nom de la vidéo Artiste % Correct
1,1 Md Papaoutai Stromae
100%
163 M Fever (avec Dua Lipa) Angèle
96%
143 M Tout Oublier (avec ? (un autre artiste de la liste)) Roméo Elvis
72%
49 M Ne Me Quitte Pas Jacques Brel
64%
2,5 Md Somebody That I Used To Know (feat. Kimbra) Gotye
56%
373 M Mwaka Moon (avec Kalash) Damso
52%
35 M Un jour je marierai un ange Pierre de Maere
52%
31 M Sensualité Axelle Red
44%
80 M Million Eyes Loïc Nottet
36%
53 M Life Hamza
28%
524 M Are You With Me Lost Frequencies
28%
47 M Et Bam Mentissa
24%
65 M Adagio Lara Fabian
20%
33 M Raggamuffin Selah Sue
20%
684 M Tremor (avec Martin Garrix) Dimitri Vegas & Like Mike
12%
86 M Pump It Up Danzel
8%
79 M Bailando Paradisio
8%
73 M PMW Shay
8%
393 M Pump Up The Jam Technotronic
8%
158 M No Limit (Rap Version) 2 Unlimited
4%
38 M À tous ceux qu'on aime Frédéric François
4%
59 M La Belle Mixtape | Summer Memories Henri PFR
4%
223 M Mad About You (Live 2012) Hooverphonic
4%
48 M 10.000 luchtballonnen K3
4%
79 M Désenchantée Kate Ryan
4%
64 M Something Lasgo
4%
40 M De Eregalerij 2015 - What's a Woman (reprise) Lisa del Bo
4%
79 M Ayo Technology Milow
4%
35 M Jessie J - Nobody's Perfect (Remix) Netsky
4%
116 M Nah Neh Nah Vaya Con Dios
4%
Aucun quiz correspondant
Distribution des résultats
% des personnes avec chaque résultat
Percentile par nombre de réponses
Votre historique - résultats
Vous n’avez pas pris ce quiz depuis la dernière actualisation